EM Top Torjäger - Statistiken

Allgemein
  • Dieses Quiz wurde 187 mal gespielt
  • Das Durchschnittsergebnis liegt bei 14 aus 36
Antwortstatistiken
Nation Goals Antwort % Korrekt
Portugal 14 Ronaldo
99%
England 4 Kane
83%
Deutschland 4 Dieter Müller
77%
Deutschland 4 Gerd Müller
77%
Schweden 6 Ibrahimovic
76%
Polen 5 Lewandowski
63%
Spanien 5 Torres
63%
Frankreich 6 Henry
62%
Belgien 6 Lukaku
61%
Frankreich 7 Griezmann
55%
England 6 Rooney
53%
Spanien 4 Villa
53%
Deutschland 5 Gomez
51%
Frankreich 5 Zidane
49%
Niederlande 5 Van Basten
48%
Frankreich 9 Platini
45%
Frankreich 4 Benzema
38%
Niederlande 6 Van Nistelrooy
38%
Deutschland 4 Podolski
36%
Spanien 7 Morata
35%
England 7 Shearer
34%
Tschechien 5 Schick
31%
Schweden 4 Larsson
30%
Deutschland 5 Klinsmann
29%
Deutschland 4 Völler
29%
Schweiz 4 Shaqiri
24%
Griechenland 4 Charisteas
21%
Kroatien 4 Perisic
21%
Tschechien 5 Baros
17%
Niederlande 4 Bergkamp
15%
Niederlande 6 Kluivert
15%
Portugal 6 Gomes
9%
Schweden 4 Forsberg
6%
Tschechien 4 Smicer
3%
Serbien 5 Milosevic
2%
Serbien 4 Dzajic
1%
Keine übereinstimmenden Quizze gefunden
Verteilung der Resultate
Anzahl Personen mit jedem Resultat
Perzentil nach korrekt beantworteten Fragen
Ihre Resultats-Entwicklung
Sie haben dieses Quiz noch nicht gespielt